Géopolitique du climat (notice n° 1554281)
[ vue normale ]
| 000 -LEADER | |
|---|---|
| fixed length control field | 01572cam a2200277zu 4500 |
| 003 - CONTROL NUMBER IDENTIFIER | |
| control field | FRCYB88921921 |
| 005 - DATE AND TIME OF LATEST TRANSACTION | |
| control field | 20251020123446.0 |
| 008 - FIXED-LENGTH DATA ELEMENTS--GENERAL INFORMATION | |
| fixed length control field | 251020s2015 fr | o|||||0|0|||fre d |
| 020 ## - INTERNATIONAL STANDARD BOOK NUMBER | |
| International Standard Book Number | 9782200602345 |
| 035 ## - SYSTEM CONTROL NUMBER | |
| System control number | FRCYB88921921 |
| 040 ## - CATALOGING SOURCE | |
| Original cataloging agency | FR-PaCSA |
| Language of cataloging | fr |
| Transcribing agency | |
| Description conventions | rda |
| 100 1# - MAIN ENTRY--PERSONAL NAME | |
| Personal name | Gemenne, François |
| 245 01 - TITLE STATEMENT | |
| Title | Géopolitique du climat |
| Remainder of title | Négociations, stratégies, impacts |
| Statement of responsibility, etc. | ['Gemenne, François'] |
| 264 #1 - PRODUCTION, PUBLICATION, DISTRIBUTION, MANUFACTURE, AND COPYRIGHT NOTICE | |
| Name of producer, publisher, distributor, manufacturer | Armand Colin |
| Date of production, publication, distribution, manufacture, or copyright notice | 2015 |
| 300 ## - PHYSICAL DESCRIPTION | |
| Extent | p. |
| 336 ## - CONTENT TYPE | |
| Content type code | txt |
| Source | rdacontent |
| 337 ## - MEDIA TYPE | |
| Media type code | c |
| Source | rdamdedia |
| 338 ## - CARRIER TYPE | |
| Carrier type code | c |
| Source | rdacarrier |
| 520 ## - SUMMARY, ETC. | |
| Summary, etc. | Le changement climatique est devenu un sujet de politique internationale, dont les enjeux dépassent largement la seule question écologique pour englober l'ensemble des équilibres mondiaux, et notamment les rapports Nord-Sud. Cet ouvrage, solidement référencé et engagé, examine la dimension géopolitique du réchauffement global. Quels sont les pays responsables ou réputés tels ? quels sont ceux qui en subiront l'impact le plus fortement ? Quels sont les déplacements de populations engagés ou à prévoir ? Les risques pour la sécurité internationale ? Avant la conférence cruciale de Paris, cet ouvrage est donc indispensable pour comprendre les enjeux de la négociation et les nouvelles modalités de la coopération internationale sur le sujet. |
| 650 #0 - SUBJECT ADDED ENTRY--TOPICAL TERM | |
| Topical term or geographic name entry element | |
| 700 0# - ADDED ENTRY--PERSONAL NAME | |
| Personal name | Gemenne, François |
| 856 40 - ELECTRONIC LOCATION AND ACCESS | |
| Access method | Cyberlibris |
| Uniform Resource Identifier | <a href="https://international.scholarvox.com/netsen/book/88921921">https://international.scholarvox.com/netsen/book/88921921</a> |
| Electronic format type | text/html |
| Host name | |
Pas d'exemplaire disponible.




Réseaux sociaux